000 00571nam a2200193Ia 4500
005 20250508165940.0
008 008 250505s9999 xx 000 0 eng d
037 _aDissertations
040 _aFEDL
_beng
_cFEDL
041 _aeng
_2eng
084 _a371.39, GUP/DI
_qFEDL
100 _aGupta Nishi
245 0 _aLacunae in integrating ICT in teaching and learning: A descriptive study
260 _c2018
300 _aviii, 211p.
546 _aM.Ed. Dissertation, (Delhi University)
942 _cDIS
_h371.39, GUP/DI
999 _c1398368
_d1398368